[Event "Campionato Provinciale di Modena 2020"]
[EventDate "2019.12.13"]
[Site "Modena ITA"]
[Date "2019.12.14"]
[Round "3.9"]
[White "Vaccari, Marco"]
[Black "Vaccari, Luigi"]
[Result "0-1"]
[WhiteElo "1330"]
[BlackElo "1331"]
[PlyCount "86"]

1. e4 e5 2. Nf3 Nc6 3. Bc4 Bc5 4. O-O d6 5. d3 h6 6. Nbd2 Bg4 7. Nb3 Bb6
8. c3 Qf6 9. Be3 Bxf3 10. Qxf3 Qxf3 11. gxf3 Bxe3 12. fxe3 Nge7 13. Rad1 Rf8
14. d4 exd4 15. exd4 O-O-O 16. d5 Ne5 17. Be2 g5 18. Nd4 Nd7 19. f4 gxf4
20. Rxf4 Ng6 21. Rf2 Kb8 22. Rdf1 Nde5 23. Kh1 Rde8 24. Bh5 Kc8 25. Bxg6 Nxg6
26. Rxf7 Rxf7 27. Rxf7 Rxe4 28. Rh7 Nf4 29. Kg1 Ne2+ 30. Kf2 Nxd4 31. cxd4 Rxd4
32. Rxh6 Rxd5 33. Ke3 Re5+ 34. Kf4 Kd7 35. h4 Re6 36. Kg5 Rxh6 37. Kxh6 d5
38. Kg6 d4 39. h5 d3 40. h6 d2 41. h7 d1=Q 42. h8=Q Qg4+ 43. Kf7 Qe6+ 0-1

[Event "Campionato Provinciale di Modena 2020"]
[EventDate "2019.12.13"]
[Site "Modena ITA"]
[Date "2019.12.15"]
[Round "4.1"]
[White "Tazzioli, Luca"]
[Black "Franchini, Gabriele"]
[Result "1/2-1/2"]
[WhiteElo "2080"]
[BlackElo "2230"]
[PlyCount "82"]

1. e4 e6 2. d3 c5 3. Nf3 Nc6 4. d4 cxd4 5. Nxd4 Nf6 6. Nc3 Qc7 7. Ndb5 Qb8
8. Bg5 a6 9. Nd4 Nxe4 10. Nxc6 Nxc3 11. Nxb8 Nxd1 12. Nxa6 bxa6 13. Rxd1 d5
14. Be2 Rb8 15. b3 f6 16. Be3 Bb4+ 17. Kf1 Bb7 18. c4 Ke7 19. cxd5 Bxd5
20. Bf3 Bxf3 21. gxf3 Rhc8 22. Rg1 g6 23. Rg4 e5 24. Rh4 h5 25. f4 Ke6
26. fxe5 fxe5 27. Rh3 Rd8 28. Rxd8 Rxd8 29. Rh4 a5 30. Ke2 Kf5 31. Rc4 Rd7
32. Rc2 Rd5 33. Rc4 e4 34. Rd4 Rxd4 35. Bxd4 g5 36. f3 exf3+ 37. Kxf3 g4+
38. Kg2 Ke4 39. Bb6 h4 40. h3 gxh3+ 41. Kxh3 Be1 1/2-1/2

[Event "Campionato Provinciale di Modena 2020"]
[EventDate "2019.12.13"]
[Site "Modena ITA"]
[Date "2019.12.15"]
[Round "4.2"]
[White "Giuntini, Enrico"]
[Black "Paoli, Walter"]
[Result "0-1"]
[WhiteElo "1812"]
[BlackElo "1936"]
[PlyCount "88"]

1. e4 d5 2. exd5 Qxd5 3. Nc3 Qd6 4. d4 Nf6 5. Bc4 a6 6. Bb3 Nc6 7. Nge2 e6
8. Bf4 Qd7 9. a3 Bd6 10. Qd2 Bxf4 11. Qxf4 O-O 12. O-O Ne7 13. Ne4 Nxe4
14. Qxe4 Rb8 15. c3 b6 16. Bc2 Ng6 17. Nf4 Bb7 18. Qd3 Rfd8 19. Nxg6 hxg6
20. Rad1 Qd5 21. f3 Qg5 22. Qe2 Rd7 23. Be4 Bxe4 24. fxe4 e5 25. d5 a5
26. c4 Rbd8 27. Rd3 Rd6 28. b4 axb4 29. axb4 Qe7 30. Rc3 Rf6 31. Rb1 Ra8
32. c5 bxc5 33. bxc5 Qd7 34. Rcb3 Qa4 35. Qd3 g5 36. d6 cxd6 37. cxd6 Rd8
38. Rb6 Qa2 39. R1b2 Qa7 40. Qa6 Rdxd6 41. Qc8+ Kh7 42. Qh3+ Kg6 43. Qf5+ Rxf5
44. exf5+ Kf6 0-1

[Event "Campionato Provinciale di Modena 2020"]
[EventDate "2019.12.13"]
[Site "Modena ITA"]
[Date "2019.12.15"]
[Round "4.3"]
[White "Marinelli, Sofia"]
[Black "Barbari, Samuel"]
[Result "0-1"]
[WhiteElo "1418"]
[BlackElo "1406"]
[PlyCount "94"]

1. d4 Nf6 2. Bg5 d5 3. Bxf6 gxf6 4. Nf3 Bh6 5. g3 Nc6 6. Bg2 Bf5 7. c3 Qd7
8. Nbd2 O-O-O 9. Qa4 e5 10. e3 Kb8 11. h3 Nxd4 12. Qxd7 Nxf3+ 13. Nxf3 Bxd7
14. O-O-O Be6 15. g4 c5 16. b3 Rd6 17. Rd2 Rhd8 18. Rhd1 d4 19. cxd4 cxd4
20. Kc2 Kc7 21. Kb2 dxe3 22. Rc2+ Kb8 23. Re1 exf2 24. Rxf2 Bf4 25. Rfe2 Bd2
26. Rf1 Bf4 27. Kc2 Rc8+ 28. Kb2 Bd7 29. Rc2 Rxc2+ 30. Kxc2 Bb5 31. Rd1 Rxd1
32. Kxd1 Bc6 33. Ke2 Kc7 34. Nh4 Bxg2 35. Nxg2 Bg5 36. Ne1 Kc6 37. Nf3 Kd5
38. Nxg5 fxg5 39. Kd3 b5 40. a3 a5 41. a4 b4 42. Ke3 e4 43. Ke2 Kd4 44. Kd2 e3+
45. Ke2 f6 46. Kd1 Kd3 47. Ke1 e2 0-1

[Event "Campionato Provinciale di Modena 2020"]
[EventDate "2019.12.13"]
[Site "Modena ITA"]
[Date "2019.12.15"]
[Round "4.4"]
[White "Marinelli, Gian Marco"]
[Black "Garofalo, Sergio"]
[Result "1-0"]
[WhiteElo "1865"]
[BlackElo "1700"]
[PlyCount "81"]

1. Nf3 f5 2. d3 Nf6 3. c4 g6 4. Nc3 Bg7 5. g3 c6 6. Bg2 O-O 7. O-O d6 8. Qb3 a5
9. Bg5 Qc7 10. c5+ d5 11. Bf4 Qd8 12. e4 fxe4 13. dxe4 a4 14. Qc2 a3
15. Rad1 axb2 16. exd5 Bf5 17. Qb3 b1=Q 18. Nxb1 cxd5 19. Nd4 e6 20. Nxf5 gxf5
21. Nc3 Kh8 22. Qxb7 Ra3 23. Nb5 Rxa2 24. Ra1 Rxa1 25. Rxa1 Ne4 26. Ra7 Nd7
27. Qxd7 Qxd7 28. Rxd7 Nxc5 29. Rc7 Nd3 30. Re7 e5 31. Bd2 Rb8 32. Bxd5 e4
33. Bc3 Bxc3 34. Nxc3 Ne1 35. Nxe4 fxe4 36. Bxe4 Rc8 37. Rxh7+ Kg8 38. Ra7 Rc1
39. h4 Nf3+ 40. Kg2 Ne5 41. h5 1-0

[Event "Campionato Provinciale di Modena 2020"]
[EventDate "2019.12.13"]
[Site "Modena ITA"]
[Date "2019.12.15"]
[Round "4.5"]
[White "Bruni, Alessandro"]
[Black "Galli, Maria Vittoria"]
[Result "0-1"]
[WhiteElo "1379"]
[BlackElo "1486"]
[PlyCount "110"]

1. e4 e5 2. Nf3 Nc6 3. Bc4 Bc5 4. c3 Bb6 5. O-O Nf6 6. d3 d6 7. h3 Be6
8. Nbd2 Qd7 9. Bxe6 fxe6 10. Nc4 h6 11. Nxb6 axb6 12. Nh4 g5 13. Nf3 Rg8
14. Nh2 Qg7 15. Ng4 Kd7 16. Nxf6+ Qxf6 17. b4 Qg6 18. g4 Rh8 19. Qf3 Raf8
20. Qg3 Qf6 21. Kg2 Ne7 22. d4 exd4 23. cxd4 Qxd4 24. Be3 Qxe4+ 25. Kg1 Qxb4
26. Rfd1 Nd5 27. a3 Qe4 28. Rac1 Qf3 29. Qh2 Nf4 30. Bxf4 Rxf4 31. Rf1 Qxa3
32. Rce1 b5 33. Re3 Qa2 34. Qg2 Qd5 35. Qg3 Rhf8 36. Qh2 Rf3 37. Re2 Qd3
38. Rfe1 Rxh3 39. Qg2 Qf3 40. Rxe6 Qxg2+ 41. Kxg2 Rhf3 42. R1e2 R3f4
43. Rxh6 Rxg4+ 44. Kf1 Rgf4 45. Rh7+ R8f7 46. Rh5 R4f5 47. Kg2 b4 48. Rb2 c5
49. Rh6 R7f6 50. Rh8 Kc6 51. Rc8+ Kb5 52. Rb8 Rf7 53. Re2 b3 54. Ra8 Kb4
55. Ra1 c4 0-1

[Event "Campionato Provinciale di Modena 2020"]
[EventDate "2019.12.13"]
[Site "Modena ITA"]
[Date "2019.12.15"]
[Round "4.6"]
[White "Vaccari, Luigi"]
[Black "Mammi, Samuele"]
[Result "0-1"]
[WhiteElo "1331"]
[BlackElo "1814"]
[PlyCount "117"]

1. d4 Nf6 2. Nf3 d5 3. e3 e6 4. b3 c5 5. Bb2 Nc6 6. Bd3 Be7 7. Nbd2 O-O
8. O-O b6 9. c4 Bb7 10. Qc2 Nb4 11. Qb1 Nxd3 12. Qxd3 Ne4 13. Qc2 Rc8
14. Rad1 Qc7 15. Nxe4 dxe4 16. Nd2 f5 17. f4 Bf6 18. Rde1 cxd4 19. Bxd4 Bxd4
20. exd4 Rcd8 21. Qc3 Qd7 22. Rf2 Qxd4 23. Qxd4 Rxd4 24. Rfe2 Rfd8 25. Nf1 Kf7
26. h3 Ba6 27. Rc2 Rd1 28. Kf2 Rxe1 29. Kxe1 Ke7 30. c5 Bxf1 31. Kxf1 bxc5
32. Rxc5 Kd6 33. b4 Rd7 34. Rc2 Rc7 35. Rd2+ Kc6 36. a4 Rd7 37. Rc2+ Kb6
38. Ke2 Rd4 39. Rb2 Rd3 40. Rc2 Ra3 41. a5+ Kb5 42. Rc7 a6 43. Rb7+ Kc4
44. Rb6 Ra2+ 45. Kf1 Kd3 46. Rxe6 Ke3 47. Kg1 Rb2 48. Rxa6 Rxb4 49. Ra7 Kxf4
50. Rxg7 Ra4 51. Rxh7 Ra1+ 52. Kf2 e3+ 53. Ke2 Ra2+ 54. Kf1 Rxa5 55. Re7 Ra1+
56. Ke2 Ra2+ 57. Kd3 Rd2+ 58. Kc3 Rxg2 59. Rxe3 0-1

[Event "Campionato Provinciale di Modena 2020"]
[EventDate "2019.12.13"]
[Site "Modena ITA"]
[Date "2019.12.15"]
[Round "4.8"]
[White "Hodo, Dionis"]
[Black "Hodo, Jonian"]
[Result "1-0"]
[WhiteElo "1606"]
[BlackElo "1347"]
[PlyCount "49"]

1. e4 c5 2. Nc3 e6 3. g3 Nc6 4. Bg2 Nf6 5. d3 Be7 6. Nge2 O-O 7. O-O d5
8. f4 dxe4 9. Nxe4 Qd7 10. Be3 b6 11. h3 Bb7 12. Qd2 Nd5 13. Bf2 f6 14. d4 cxd4
15. Nxd4 Nxd4 16. Bxd4 Rad8 17. c3 Ba6 18. Rfd1 Rc8 19. Qe1 f5 20. Nd2 Bc5
21. Nf3 Bxd4+ 22. Rxd4 Rc4 23. Ne5 Qc7 24. Nxc4 Bxc4 25. Qxe6+ 1-0

[Event "Campionato Provinciale di Modena 2020"]
[EventDate "2019.12.13"]
[Site "Modena ITA"]
[Date "2019.12.15"]
[Round "5.1"]
[White "Paoli, Walter"]
[Black "Marinelli, Gian Marco"]
[Result "1-0"]
[WhiteElo "1936"]
[BlackElo "1865"]
[PlyCount "49"]

1. Nf3 Nf6 2. g3 g6 3. Bg2 Bg7 4. O-O O-O 5. c4 c6 6. Nc3 d6 7. d4 Nbd7
8. b3 Qc7 9. Bb2 e5 10. Rc1 Re8 11. e3 Nf8 12. d5 Bg4 13. dxc6 e4 14. cxb7 Qxb7
15. Nxe4 Nxe4 16. Bxg7 Kxg7 17. Qd4+ Kg8 18. Nd2 Bf5 19. g4 Ne6 20. Nxe4 Nxd4
21. Nf6+ Kh8 22. Bxb7 Ne2+ 23. Kg2 Rab8 24. Nxe8 Bxg4 25. Nxd6 1-0

[Event "Campionato Provinciale di Modena 2020"]
[EventDate "2019.12.13"]
[Site "Modena ITA"]
[Date "2019.12.15"]
[Round "5.2"]
[White "Barbari, Samuel"]
[Black "Tazzioli, Luca"]
[Result "0-1"]
[WhiteElo "1906"]
[BlackElo "2082"]
[PlyCount "98"]

1. e4 d5 2. exd5 Qxd5 3. Nc3 Qa5 4. Bc4 Nf6 5. d3 Bg4 6. Nf3 c6 7. Bf4 e6
8. Qd2 Bxf3 9. gxf3 Bb4 10. a3 Nbd7 11. O-O-O Bxc3 12. Qxc3 Qf5 13. Qd2 Ne5
14. Bxe5 Qxe5 15. Rde1 Qd6 16. Qg5 Rg8 17. Qg3 O-O-O 18. Re5 g6 19. Rhe1 Nh5
20. Qg5 Qd4 21. Qe3 Kb8 22. c3 Qf4 23. Rh1 Rd6 24. d4 Qh4 25. Re4 Qf6
26. Rg1 Rgd8 27. Rg5 Ng7 28. Rge5 h5 29. Bb3 Nf5 30. Qd2 Nh4 31. Rf4 Qxe5
32. Rxh4 c5 33. Qe3 Qf6 34. Rf4 cxd4 35. Rxf6 dxe3 36. fxe3 R8d7 37. Rf4 a6
38. h4 Kc7 39. Rd4 Kd8 40. Ba4 b5 41. Bc2 Ke7 42. Be4 f5 43. Bc2 e5
44. Rxd6 Rxd6 45. Bb1 f4 46. e4 Kf6 47. Kc2 g5 48. hxg5+ Kxg5 49. Ba2 h4 0-1

[Event "Campionato Provinciale di Modena 2020"]
[EventDate "2019.12.13"]
[Site "Modena ITA"]
[Date "2019.12.15"]
[Round "5.3"]
[White "Franchini, Gabriele"]
[Black "Galli, Maria Vittoria"]
[Result "1-0"]
[WhiteElo "2230"]
[BlackElo "1486"]
[PlyCount "45"]

1. e4 e5 2. Nf3 Nc6 3. d4 exd4 4. Nxd4 Bc5 5. Nf5 Qf6 6. Nc3 Nge7 7. Qg4 g6
8. Bg5 Qe5 9. Nxe7 Bxe7 10. Bf4 Qe6 11. Qxe6 fxe6 12. Bxc7 d6 13. O-O-O O-O
14. f3 d5 15. exd5 exd5 16. Nxd5 Bc5 17. Bc4 Kh8 18. b4 Bf2 19. b5 Nd8
20. Be5+ Rf6 21. Bxf6+ Kg8 22. Ne7+ Kf8 23. Rxd8# 1-0

[Event "Campionato Provinciale di Modena 2020"]
[EventDate "2019.12.13"]
[Site "Modena ITA"]
[Date "2019.12.15"]
[Round "5.4"]
[White "Giuntini, Enrico"]
[Black "Castelli, Antonio"]
[Result "1-0"]
[WhiteElo "1812"]
[BlackElo "1613"]
[PlyCount "57"]

1. e4 e5 2. Nf3 Nf6 3. Nxe5 d6 4. Nc4 Nxe4 5. Nc3 Qe7 6. Qe2 Nxc3 7. bxc3 Qxe2+
8. Bxe2 Be7 9. O-O O-O 10. d4 Bf5 11. Ne3 Bg6 12. Bf3 Nc6 13. Rb1 Rab8
14. Re1 Bf6 15. Bd2 Nd8 16. Nd5 Bxc2 17. Rb2 Bg6 18. Nxf6+ gxf6 19. Bh6 c6
20. Bxf8 Kxf8 21. d5 c5 22. Rbe2 Bd3 23. Re8+ Kg7 24. Be2 Bf5 25. Bf1 Bd7
26. R8e4 f5 27. Rh4 a5 28. Re7 Ba4 29. Rxa4 1-0

[Event "Campionato Provinciale di Modena 2020"]
[EventDate "2019.12.13"]
[Site "Modena ITA"]
[Date "2019.12.15"]
[Round "5.5"]
[White "Mammi, Samuele"]
[Black "Marinelli, Sofia"]
[Result "1-0"]
[WhiteElo "1814"]
[BlackElo "1418"]
[PlyCount "41"]

1. c4 c6 2. Nc3 Nf6 3. e4 e5 4. Nf3 d6 5. Be2 Be7 6. O-O O-O 7. d3 Be6
8. d4 exd4 9. Nxd4 d5 10. cxd5 cxd5 11. e5 Nfd7 12. f4 Nb6 13. f5 Bc8
14. f6 gxf6 15. Bd3 Kg7 16. Qh5 Rh8 17. Bh6+ Kg8 18. Nf5 Bxf5 19. Rxf5 Bc5+
20. Kh1 Be3 21. Rxf6 1-0

[Event "Campionato Provinciale di Modena 2020"]
[EventDate "2019.12.13"]
[Site "Modena ITA"]
[Date "2019.12.15"]
[Round "5.6"]
[White "Garofalo, Sergio"]
[Black "Bruni, Alessandro"]
[Result "1-0"]
[WhiteElo "1700"]
[BlackElo "1379"]
[PlyCount "61"]

1. d4 d5 2. Nf3 Nf6 3. Nbd2 e6 4. a3 Be7 5. e3 O-O 6. Bd3 Nbd7 7. b3 Re8
8. Bb2 Nf8 9. O-O Ng6 10. Qe2 c5 11. Ne5 Nxe5 12. dxe5 Nd7 13. f4 f5
14. h3 Nf8 15. Kh2 d4 16. Rad1 Ng6 17. g4 dxe3 18. Nc4 Qc7 19. gxf5 exf5
20. Nxe3 Rf8 21. Bc4+ Kh8 22. Nd5 Qb8 23. Nxe7 Nxe7 24. Rd6 Nc6 25. Qh5 Qc7
26. Rg6 Ne7 27. Rxg7 Kxg7 28. e6+ Rf6 29. Qf7+ Kh6 30. Qxf6+ Ng6 31. Qg5# 1-0

[Event "Campionato Provinciale di Modena 2020"]
[EventDate "2019.12.13"]
[Site "Modena ITA"]
[Date "2019.12.15"]
[Round "5.7"]
[White "Vaccari, Luigi"]
[Black "Hodo, Dionis"]
[Result "0-1"]
[WhiteElo "1331"]
[BlackElo "1606"]
[PlyCount "116"]

1. d4 Nf6 2. Nf3 g6 3. g3 Bg7 4. Bg2 d6 5. O-O O-O 6. c4 c6 7. Nc3 Nbd7
8. Bf4 Qc7 9. Rc1 e5 10. dxe5 dxe5 11. Be3 Ng4 12. Bd2 f5 13. h3 Ngf6
14. e3 a5 15. Qc2 Nc5 16. Rfe1 e4 17. Nd4 Nd3 18. Na4 Nxe1 19. Rxe1 Re8
20. c5 Nd5 21. Kh2 Bd7 22. Ne2 Nb4 23. Bxb4 axb4 24. b3 Be6 25. Nf4 Bf7
26. Bf1 g5 27. Ng2 Rad8 28. Bc4 Bxc4 29. Qxc4+ Kh8 30. Qxb4 Rd3 31. Qc4 Red8
32. Nb6 Qe7 33. Na4 Rd2 34. Re2 Rxe2 35. Qxe2 Qd7 36. Qh5 h6 37. Qg6 Re8
38. Nb6 Qe6 39. Qh5 Bf8 40. Nc4 Bxc5 41. h4 Rg8 42. Ne5 Rg7 43. f4 exf3
44. Nxf3 Qg6 45. Qxg6 Rxg6 46. hxg5 hxg5 47. Ne5 Rh6+ 48. Kg1 Kg7 49. Kf2 Re6
50. Nd3 Bd6 51. b4 b6 52. Nge1 c5 53. bxc5 Bxc5 54. Nxc5 bxc5 55. Ke2 Ra6
56. Kd3 Rxa2 57. Nf3 Kf6 58. e4 Ra3+ 0-1

[Event "Campionato Provinciale di Modena 2020"]
[EventDate "2019.12.13"]
[Site "Modena ITA"]
[Date "2019.12.15"]
[Round "5.8"]
[White "Hodo, Jonian"]
[Black "Vaccari, Marco"]
[Result "0-1"]
[WhiteElo "1347"]
[BlackElo "1330"]
[PlyCount "32"]

1. d4 Nf6 2. Bg5 c5 3. dxc5 Qa5+ 4. Nc3 Ne4 5. Bd2 Nxd2 6. Qxd2 e5 7. e4 Bxc5
8. Qg5 O-O 9. Bd3 Bb4 10. Ne2 Nc6 11. O-O Re8 12. f4 d6 13. fxe5 Nxe5
14. Bb5 Be6 15. Bxe8 Nf3+ 16. Rxf3 Qxg5 0-1